| 000 | 00537nam a2200193 a 4500 | ||
|---|---|---|---|
| 005 | 20210219153256.0 | ||
| 008 | 991125n 000 0 eng u | ||
| 035 | _aUPN01000088003 | ||
| 100 | 1 | _aMarold, Kathryn A | |
| 222 |
_aINTERFACE : _bTHE COMPUTER EDUCATION QUARTERLY |
||
| 245 | _aMicrocomputer user interfaces and intrapersonal communication | ||
| 300 | _a33-40 | ||
| 362 | 0 | _a1993 Vol. 15, no. 1 | |
| 653 | 0 | _aCOMPUTACION | |
| 653 | 0 | _aCOMPUTADORA | |
| 653 | 0 | _aCOMUNICACION | |
| 904 |
_aAC _b025814 |
||
| 905 | _aArticulo | ||
| 999 |
_c72800 _d72800 |
||